Super Smash Bros. Ultimate Characters - Statistics

General Stats
  • This quiz has been taken 37 times
    28 since last reset
  • The average score is 28 of 105
Answer Stats
First Appearance Franchise Character % Correct
4 3DS/Wii-U Mario Larry
58%
4 3DS/Wii-U Mario Ludwig
58%
64 Mario Mario
58%
4 3DS/Wii-U Mario Rosalina and Luma
58%
4 3DS/Wii-U Mario Wendy
50%
Melee Mario Bowser
42%
64 Pokemon Jigglypuff
42%
Melee Pokemon Pichu
42%
64 Pokemon Pikachu
42%
4 3DS/Wii-U Mario Bowser Jr.
33%
Brawl Pokemon Charizard
33%
Ultimate Mario Daisy
33%
Melee Mario Dr. Mario
33%
Ultimate Pokemon Incineroar
33%
Brawl Pokemon Ivysaur
33%
Ultimate Street Fighter Ken
33%
Brawl Pokemon Lucario
33%
64 Mario Luigi
33%
Melee Pokemon Mewtwo
33%
Melee Mario Peach
33%
Ultimate DLC Mario Piranha Plant
33%
4 3DS/Wii-U Mario Roy
33%
Melee Fire Emblem Roy
33%
Brawl Pokemon Squirtle
33%
64 Mario Yoshi
33%
Ultimate DLC Banjo Kazooie Banjo and Kazooie
25%
4 3DS/Wii-U DLC Bayonetta Bayonetta
25%
Ultimate DLC Fire Emblem Byleth
25%
64 F-Zero Captain Falcon
25%
Ultimate Fire Emblem Chrom
25%
4 3DS/Wii-U DLC Final Fantasy Cloud
25%
4 3DS/Wii-U DLC Fire Emblem Corrin
25%
4 3DS/Wii-U Kid Icarus Dark Pit
25%
Ultimate Metroid Dark Samus
25%
Brawl Donkey Kong Diddy Kong
25%
64 Donkey Kong Donkey Kong
25%
4 3DS/Wii-U Duck Hunt Duck Hunt
25%
Melee Starfox Falco
25%
64 Starfox Fox
25%
Melee Zelda Ganondorf
25%
4 3DS/Wii-U Pokemon Greninja
25%
Ultimate DLC Dragon Quest Hero
25%
4 3DS/Wii-U Mario Iggy
25%
Brawl Fire Emblem Ike
25%
Ultimate Splatoon Inkling
25%
Ultimate Animal Crossing Isabelle
25%
Ultimate DLC Persona Joker
25%
Ultimate DLC Tekken Kazuya
25%
Brawl Kirby King Dedede
25%
Ultimate Donkey Kong King K. Rool
25%
64 Kirby Kirby
25%
64 Zelda Link
25%
4 3DS/Wii-U Punch-Out Little Mac
25%
Brawl Earthbound Lucas
25%
4 3DS/Wii-U Fire Emblem Lucina
25%
Melee Fire Emblem Marth
25%
Brawl Kirby Meta Knight
25%
4 3DS/ Wii-U Mii Mii Gunner
25%
4 3DS/Wii-U Mii Mii Swordfighter
25%
Ultimate DLC ARMS Min-Min
25%
Melee Game & Watch Mr Game & Watch
25%
Ultimate DLC Xenoblade Mythra
25%
64 Earthbound Ness
25%
Brawl Pikmin Olimar
25%
4 3DS/Wii-U Pac-Man Pac-Man
25%
4 3DS/Wii-U Kid Icarus Palutena
25%
Brawl Kid Icarus Pit
25%
Brawl Pokemon Pokemon Trainer
25%
Ultimate DLC Xenoblade Pyra
25%
Ultimate Metroid Ridley
25%
Brawl R.O.B. R.O.B.
25%
4 3DS/Wii-U Fire Emblem Robin
25%
4 3DS/Wii-U DLC Street Fighter Ryu
25%
64 Metroid Samus
25%
Ultimate DLC Final Fantasy Sephiroth
25%
Melee Zelda Sheik
25%
4 3DS/Wii-U Xenoblade Shulk
25%
Brawl Metal Gear Snake
25%
Brawl Sonic Sonic
25%
Ultimate DLC Kingdom Hearts Sora
25%
Ultimate DLC Minecraft Steve
25%
Ultimate DLC Fatal Fury Terry
25%
4 3DS/Wii-U Animal Crossing Villager
25%
Brawl Mario Wario
25%
4 3DS/Wii-U Wii Fit Wii Fit Trainer
25%
Brawl Starfox Wolf
25%
Melee Zelda Young Link
25%
Melee Zelda Zelda
25%
Brawl Metroid Zero Suit Samus
25%
Ultimate DLC Minecraft Alex
17%
4 3DS/Wii-U Pikmin Alph
17%
Ultimate DLC Minecraft Enderman
17%
Melee Ice Climber Ice Climbers
17%
4 3DS/Wii-U Mario Lemmy
17%
4 3DS/Wii-U Mega Man Mega Man
17%
4 3DS/Wii-U Mii Mii Brawler
17%
4 3DS/Wii-U Mario Morton
17%
Ultimate Castlevania Richter
17%
Ultimate Castlevania Simon
17%
Brawl Zelda Toon Link
17%
Ultimate DLC Minecraft Zombie
17%
Ultimate DLC Dragon Quest Eight
8%
Ultimate DLC Dragon Quest Luminary/ Eleven
8%
Ultimate DLC Dragon Quest Erdrick/ Arusu
0%
Ultimate DLC Dragon Quest Solo
0%
No matching quizzes found
Score Distribution
Percent of People with Each Score
Percentile by Number Answered
Your Score History
You have not taken this quiz since the last reset